Postacie historyczne według zdjęcia #8 - edycja skoczkowie narciarscy - Statystyki

Ogólne statystyki
  • Ten quiz został rozwiązany 66 razy
    65 od ostatniego zresetowania
  • Średni wynik to 3 z 19
Statystyki odpowiedzi
Obrazkowy Hint Odpowiedź % Poprawnych
1963-2019 Matti Nykänen
83%
1986-2024 Mateusz Rutkowski
41%
1998-2023 Patrick Gasienica
31%
1987-2022 Antonín Hájek
26%
1918-1982 Josef Bradl
22%
1941-2012 Jiří Raška
19%
1990-2011 Pawieł Karielin
19%
1911-1998 Birger Ruud
16%
1956-2001 Alois Lipburger
7%
1945-2009 Józef Przybyła
5%
1911-1991 Reidar Andersen
5%
1927-2023 Andreas Däscher
3%
1932-2000 Antti Hyvärinen
3%
1929-2005 Aulis Kallakorpi
3%
1933-1988 Eino Kirjonen
3%
1941-2020 Jacek Włodyga
3%
1945-2008 Józef Gąsienica Daniel
3%
1919-2020 Peter Florjančič
3%
1894-1934 Thorleif Haug
3%
Nie znaleziono quizów pasujących do podanych kryteriów
Rozkład punktacji
Procent ludzi z każdym wynikiem
Percentyl według liczby udzielonych odpowiedzi
Twoja historia wyników
Nie rozwiązałeś tego quizu od ostatniego zresetowania